Britain's biggest housebuilders (Record no. 75852)

MARC details
000 -LEADER
fixed length control field 01283cab a2200193 4500
001 - CONTROL NUMBER
control field L130868
008 - FIXED-LENGTH DATA ELEMENTS--GENERAL INFORMATION
fixed length control field 050908n2005 000 0 eng u
035 ## - SYSTEM CONTROL NUMBER
System control number (Sirsi) u130868
041 0# - LANGUAGE CODE
Language code of text/sound track or separate title eng
245 ## - TITLE STATEMENT
Title Britain's biggest housebuilders
260 ## - PUBLICATION, DISTRIBUTION, ETC.
Date of publication, distribution, etc. 2005
490 0# - SERIES STATEMENT
Series statement House Builder
Volume/sequential designation Supplement September 2005, 1-32(19)
520 ## - SUMMARY, ETC.
Summary, etc. The third annual edition of this supplement provides a comprehensive overview of Britain's house builders' activities: a league table of the top 25 house builders ranked by turnover and rated by six key measures; aprofile of the house building industry's top 10 players, and a range of articles "Smooth scaling" assesses how well Britain's biggest house builders performed in 2004. "Rapid rising" looks at house builder Gladedale which aims to build more than 6 000 homes per year. "Getting nowhere fast" reveals how well house builders are faring on the planning application front. Westbury's next chief executive discusses his plans in "Pump up the volume" and "The Reil agenda" tells of Frank Reil's ambitions to make David McLean one of the top 12 house builders.
590 ## - LOCAL NOTE (RLIN)
Local note IKA130905
690 ## - LOCAL SUBJECT ADDED ENTRY--TOPICAL TERM (OCLC, RLIN)
Topical term or geographic name as entry element PROPERTY-RESIDENTIAL PROPERTY-RESIDENTIAL PROPERTY DEVELOPMENT
700 1# - ADDED ENTRY--PERSONAL NAME
Personal name Menary, Steve
700 1# - ADDED ENTRY--PERSONAL NAME
Personal name Green, Brian
942 ## - ADDED ENTRY ELEMENTS (KOHA)
Suppress in OPAC 0
Holdings
Withdrawn status Lost status Source of classification or shelving scheme Damaged status Not for loan Home library Current library Shelving location Date acquired Total Checkouts Full call number Barcode Date last seen Date last checked out Copy number Price effective from Koha item type
    Dewey Decimal Classification     London London Journal article 08/09/2005 1 L130868 30070592 06/08/2019 27/09/2005 1 06/08/2019 Journal article